00610cam a2200205 i 45000010008000000030004000080050017000120080041000290100017000700200028000870400018001150500022001330820013001552450038001682600058002063000021002645040041002856500021003267100057003474598622OSt20170224121102.0760802s1976 dcu b 000 0 eng  a 76028492  a0810607069.a0810607050 aDLCcDLCdDLC00aLC283b.V33 197600a370.11/400aValues, concepts, and techniques. aWashington :bNational Education Association,cc1976. a312 p. ;c23 cm. aIncludes bibliographical references. 0aMoral education.2 aNational Education Association of the United States.